| 000 | 00376nam a2200145Ia 4500 | ||
|---|---|---|---|
| 008 | 240624s9999 xx 000 0 und d | ||
| 041 | _aeng | ||
| 082 | _a658.15 CIN | ||
| 100 | _aCINNAMON ROBERT | ||
| 245 | _aHOW TO UNDERSTAND BUSINESS FINANCE CREAT | ||
| 250 | _a(2nd ed.) | ||
| 260 |
_c2010 _aLondon _bKogan Page |
||
| 300 | _aix, : 164 : p. : cm. ; 21 | ||
| 365 |
_cRS _b30 |
||
| 999 |
_c15102 _d15102 |
||